Catálogo

Pierre Theilhard De Chardin : (Registro nro. 10411)

Detalles MARC
000 -LEADER
fixed length control field 01565cam a2200349 i 4500
001 - CONTROL NUMBER
control field 10411
003 - CONTROL NUMBER IDENTIFIER
control field Mx-PuUPA
005 - DATE AND TIME OF LATEST TRANSACTION
control field 20251105114848.0
008 - FIXED-LENGTH DATA ELEMENTS--GENERAL INFORMATION
fixed length control field 140415s2023 ag gr 001 0 spa d
020 ## - INTERNATIONAL STANDARD BOOK NUMBER
International Standard Book Number 9789506232917
040 ## - CATALOGING SOURCE
Original cataloging agency Mx-PuUPA
Language of cataloging spa
Transcribing agency Mx-PuUPA
Modifying agency Mx-PuUPA
Description conventions rda
041 1# - LANGUAGE CODE
Language code of text/sound track or separate title spa
Language code of original ita
100 1# - MAIN ENTRY--PERSONAL NAME
Personal name Giustozzi, Gianfilippo,
Relator term autor
9 (RLIN) 17666
240 10 - UNIFORM TITLE
Uniform title Pierre Theilhard De Chardin. La «reinvenzione» dell'a esperienza religiosa.
Language of a work Español
245 10 - TITLE STATEMENT
Title Pierre Theilhard De Chardin :
Remainder of title La «reinvención» de la experiencia religiosa /
Statement of responsibility, etc. Gianfilippo Giustozzi ; traducción de Néstor Dante Saporiti
264 #1 - PRODUCTION, PUBLICATION, DISTRIBUTION, MANUFACTURE, AND COPYRIGHT NOTICE
Place of production, publication, distribution, manufacture Salta, Argentina :
Name of producer, publisher, distributor, manufacturer EUCASA (Ediciones Universidad Católica de Salta) ;
Place of production, publication, distribution, manufacture Puebla :
Name of producer, publisher, distributor, manufacturer Universidad Popular Autónoma del Estado de Puebla,
Date of production, publication, distribution, manufacture, or copyright notice 2023
300 ## - PHYSICAL DESCRIPTION
Extent 224 páginas ;
Dimensions 23 cm
336 ## - CONTENT TYPE
Fuente rdacontent
Content type term texto
Content type code txt
337 ## - MEDIA TYPE
Source rdamedia
Media type term sin medio
Media type code n
338 ## - CARRIER TYPE
Source rdacarrier
Carrier type term volumen
Carrier type code nc
490 0# - SERIES STATEMENT
Series statement Eucasa Identidad ;
-- Fé y Razón
600 14 - SUBJECT ADDED ENTRY--PERSONAL NAME
Personal name Teilhard de Chardin, Pierre
650 #7 - SUBJECT ADDED ENTRY--TOPICAL TERM
Source of heading or term armarc
Topical term or geographic name entry element Teología
9 (RLIN) 13986
650 #7 - SUBJECT ADDED ENTRY--TOPICAL TERM
Source of heading or term armarc
Topical term or geographic name entry element Experiencia religiosa
650 #7 - SUBJECT ADDED ENTRY--TOPICAL TERM
Source of heading or term armarc
Topical term or geographic name entry element Espiritualidad
General subdivision Cristianismo
700 1# - ADDED ENTRY--PERSONAL NAME
Personal name Saporiti, Néstor Dante,
Relator term traductor
765 0# - ORIGINAL LANGUAGE ENTRY
Main entry heading Giustozzi, Gianfilippo
Title Pierre Theilhard De Chardin. La «reinvenzione» dell'esperienza religiosa
Place, publisher, and date of publication Roma, Italia : Edizioni Studium, ©2021
942 ## - ADDED ENTRY ELEMENTS (KOHA)
Source of classification or shelving scheme Dewey Decimal Classification
Koha item type Libro
Classification part 248.2
Item part G5318
Existencias
Withdrawn status Lost status Source of classification or shelving scheme Damaged status Not for loan Collection code Home library Current library Shelving location Date acquired Source of acquisition Cost, normal purchase price Total Checkouts Full call number Barcode Date last seen Cost, replacement price Price effective from Koha item type Copy number
    Dewey Decimal Classification     General Biblioteca Karol Wojtyla Biblioteca Karol Wojtyla Sala general 03/12/2013 Donación 0.00   248.2 G5318 2023 61965 05/01/2026 0.00 26/01/2015 Libro  
    Dewey Decimal Classification     General Centro de Estudios en Ciencia y Religión Centro de Estudios en Ciencia y Religión Sala general 03/12/2013 Compra     248.2 G5318 2023 63772 05/01/2026   03/12/2013 Libro Ej.2
    Dewey Decimal Classification     General Centro de Estudios en Ciencia y Religión Centro de Estudios en Ciencia y Religión Sala general 03/12/2013 Compra     248.2 G5318 2023 63619 05/01/2026   03/12/2013 Libro